000 00228nam a22000857a 4500
008 160712b xxu||||| |||| 00| 0 eng d
100 _92628
_a Dreamland
245 _aBeauty and the Beast
260 _aNew Delhi
_bDreamland Publication
999 _c2282
_d2282